Colonial discourse and gender in U.S. criminal courts : (Record no. 15221)
[ view plain ]
| 000 -LEADER | |
|---|---|
| fixed length control field | 02128cam a2200325 a 4500 |
| 001 - CONTROL NUMBER | |
| control field | 16973713 |
| 005 - DATE AND TIME OF LATEST TRANSACTION | |
| control field | 20170105102913.0 |
| 008 - FIXED-LENGTH DATA ELEMENTS--GENERAL INFORMATION | |
| fixed length control field | 110923s2012 nyu b 001 0 eng |
| 010 ## - LIBRARY OF CONGRESS CONTROL NUMBER | |
| LC control number | 2011039708 |
| 020 ## - INTERNATIONAL STANDARD BOOK NUMBER | |
| International Standard Book Number | 9780415899253 |
| 040 ## - CATALOGING SOURCE | |
| Original cataloging agency | DLC |
| Transcribing agency | DLC |
| 042 ## - AUTHENTICATION CODE | |
| Authentication code | pcc |
| 043 ## - GEOGRAPHIC AREA CODE | |
| Geographic area code | n-us--- |
| 050 00 - LIBRARY OF CONGRESS CALL NUMBER | |
| Classification number | KF9619 |
| Item number | .B67 2012 |
| 082 00 - DEWEY DECIMAL CLASSIFICATION NUMBER | |
| Classification number | 347.73008 |
| Edition number | 23 |
| 100 1# - MAIN ENTRY--PERSONAL NAME | |
| Personal name | Braunmühl, Caroline. |
| 245 10 - TITLE STATEMENT | |
| Title | Colonial discourse and gender in U.S. criminal courts : |
| Remainder of title | cultural defenses and prosecutions / |
| Statement of responsibility, etc. | by Caroline Braunmühl. |
| 246 3# - VARYING FORM OF TITLE | |
| Title proper/short title | Colonial discourse and gender in United States criminal courts |
| 260 ## - PUBLICATION, DISTRIBUTION, ETC. | |
| Place of publication, distribution, etc. | New York : |
| Name of publisher, distributor, etc. | Routledge, |
| Date of publication, distribution, etc. | 2012. |
| 300 ## - PHYSICAL DESCRIPTION | |
| Extent | xii, 281 p. ; |
| Dimensions | 24 cm. |
| 490 0# - SERIES STATEMENT | |
| Series statement | Routledge advances in criminology ; |
| Volume/sequential designation | 12 |
| 504 ## - BIBLIOGRAPHY, ETC. NOTE | |
| Bibliography, etc. note | Includes bibliographical references and index. |
| 505 0# - FORMATTED CONTENTS NOTE | |
| Formatted contents note | Theoretical perspective -- The corpus of cases -- Ethnicizing prosecutions and defenses : "culture" and "gender" in trial parties' argumentative strategies and in the debate about "the cultural defense" -- Biases and blindspots in the debate -- Cultural profiling : the patriarchal other : first case study -- "Cultural defense" I : the oppressed third world woman : second case study -- "Cultural defense" II : the patriarchal other : third case study -- Conclusion: cultural information or gendered colonial discourse? -- Resistance/instabilities : the spectrum of discursive politics in trials involving "cultural evidence" and the involuntary subversion of hegemonic discourse -- Contesting "cultural evidence" : adversarial opposition or mutual collusion? -- Witnesses and hegemonic consensus -- Beyond mere "resistance" : the spectrum of instabilities fracturing hegemonic trial discourse and what difference they make -- Conclusion: practical/theoretical implications. |
| 650 #0 - SUBJECT ADDED ENTRY--TOPICAL TERM | |
| Topical term or geographic name entry element | Cultural defense (Law) |
| Geographic subdivision | United States. |
| 650 #0 - SUBJECT ADDED ENTRY--TOPICAL TERM | |
| Topical term or geographic name entry element | Minorities |
| General subdivision | Legal status, laws, etc. |
| Geographic subdivision | United States. |
| 650 #0 - SUBJECT ADDED ENTRY--TOPICAL TERM | |
| Topical term or geographic name entry element | Criminal justice, Administration of |
| Geographic subdivision | United States. |
| 906 ## - LOCAL DATA ELEMENT F, LDF (RLIN) | |
| a | 7 |
| b | cbc |
| c | orignew |
| d | 1 |
| e | ecip |
| f | 20 |
| g | y-gencatlg |
| 942 ## - ADDED ENTRY ELEMENTS (KOHA) | |
| Source of classification or shelving scheme | |
| Koha item type | Book |
| Withdrawn status | Lost status | Damaged status | Not for loan | Collection code | Permanent Location | Current Location | Shelving location | Date acquired | Total Checkouts | Full call number | Barcode | Date last seen | Price effective from | Koha item type |
|---|---|---|---|---|---|---|---|---|---|---|---|---|---|---|
| Centre for International Peace & Stability (CIPS) | Centre for International Peace & Stability (CIPS) | General Stacks | 08/05/2013 | 347.73008 BRA 2012 | CIPS0000393 | 11/20/2013 | 11/20/2013 | Book |
